| 000 | 01401na a2200349 4500 | ||
|---|---|---|---|
| 001 | 22544 | ||
| 003 | MIRAKIL | ||
| 005 | 20181213154842.0 | ||
| 008 | 170216b tu 000 0 | ||
| 035 | _a20609 | ||
| 040 |
_aMilas _btur _cTR-AnCHP |
||
| 041 | _atur | ||
| 082 |
_aCHP 956.101543 _bG34 [2005] |
||
| 090 | _aCHP 956.101543 G34 [2005] | ||
| 091 | _aTARİH 1 | ||
| 245 |
_aTBMM CHP grubu Gelibolu Tarihi Milli Parkı Araştırma Komisyonu raporu _c[hazırlayan] TBMM CHP Grup Başkanlığı Gelibolu Tarihi Milli Parkı Araştırma Komisyonu |
||
| 246 | _aGelibolu Tarihi Milli Parkı Araştırma Komisyonu raporu | ||
| 260 |
_aAnkara _bCHP _c[2005] |
||
| 300 |
_a24 s. _bfotg. _c24 sm. |
||
| 440 |
_aCumhuriyet Halk Partisi yayınları _pRaporlar |
||
| 610 |
_aCHP _xKomisyon raporları _yMilli Parklar _zGelibolu (Çanakkale) |
||
| 630 | _aGelibolu Yarımadası Tarihi Milli Parkı Kanunu | ||
| 650 |
_aMilli Parklar _xHukuk ve mevzuat _yRaporlar _zGelibolu (Çanakkale) |
||
| 650 |
_aGelibolu yarımadası Barış Parkı _xRaporlar |
||
| 651 |
_aGelibolu _xTarih |
||
| 657 | _aCHP Gelibolu milli parkı raporu | ||
| 710 |
_aCumhuriyet Halk Partisi (CHP) _bGrup Başkanlığı Gelibolu Tarihi Milli Parkı Araştırma Komisyonu |
||
| 740 | _aGelibolu Tarihi Milli Parkı Araştırma Komisyonu raporu | ||
| 830 | _aCHP raporları | ||
| 942 |
_2ddc _cBKS |
||
| 999 |
_c1987 _d1987 |
||